00711nam a2200205 i 450000100060000000300090000600500170001500700030003200800410003510000310007624500760010726000460018330000220022949000220025171000330027383000300030685200310033699900170036795201210038495352ES-MaACL20250830063929.0t|050526s1978 sp ||||1| spa d1 aLuzarraga, Jesús.97490710aOración y misión en el Evangelio de San Juan / cJesús Luzarraga. aBilbao : bUniversidad de Deusto, c1978. a268 p. ; c22 cm.1 aTeología Deusto2 aUniversidad de Deusto.9717200aTeología Deusto9185747 aES-MaACLjA-8647 bR.97562 c95352d95352 00104070aATENEOMbATENEOMcDEPO1d2008-01-17eSCl0oA-8647p1099567r2023-02-23 00:00:00w2023-02-23yMONOGRAFIA